Calciatori della Bundesliga nella Squadra dell'anno UEFA - Statistics

Statistiche generali
  • Questo quiz è stato fatto 8 volte
  • Il punteggio medio è 11 su 15
Statistiche sulle risposte
Numero apparizioni Edizioni apparizioni Nazione Squadra Calciatore % Corretto
2 2011; 2014 Paesi Bassi Bayern Monaco Arjen Robben
100%
2 2014; 2015 Austria Bayern Monaco David Alaba
100%
1 2008 Francia Bayern Monaco Franck Ribéry
100%
4 2013; 2014; 2015; 2020 Germania Bayern Monaco Manuel Neuer
100%
1 2020 Canada Bayern Monaco Alphonso Davies
83%
2 2019; 2020 Polonia Bayern Monaco Robert Lewandowski
83%
1 2016 Germania Bayern Monaco Jérôme Boateng
67%
1 2020 Germania Bayern Monaco Joshua Kimmich
67%
1 2013 Germania Borussia Dortmund Marco Reus
67%
5 2006; 2008; 2012; 2013; 2014 Germania Bayern Monaco Philipp Lahm
67%
1 2020 Spagna Bayern Monaco Thiago Alcántara
67%
1 2014 Germania Bayern Monaco Toni Kroos
67%
1 2002 Germania Bayer Leverkusen / Bayern Monaco Michael Ballack
50%
1 2001 Francia Bayern Monaco Bixente Lizarazu
17%
1 2001 Svezia Bayern Monaco Patrik Andersson
17%
Nessun quiz corrispondente trovato
Distribuzione punteggi
Percentuale di utenti per punteggio
Percentile per numero di risposta
I tuoi punteggi nel tempo
Non hai fatto questo quiz